000 00804nam a2200265Ia 4500
008
020 _a0521629225 (pbk.)
049 _aMAIN
090 _aTA409
100 1 _aFreund, L. B.
245 1 0 _aDynamic fracture mechanics /
_cL.B. Freund.
260 _aNew York. :
_bCambridge University Press,
_c1998.
300 _axvii, 563 p. :
_bill. ;
_c24 cm.
440 0 _aCambridge monographs on mechanics and applied mathematics
504 _aIncludes bibliographical references.
500 _aIncludes index.
500 _aFirst published 1989.
650 0 _aFracture mechanics.
650 0 _aStructural dynamics.
907 _a.b10021966
_b06-12-05
_c17-04-03
003
005 20230123133138.0
040 _cNUST
942 _cBOOKS
_kTA409
999 _c143524
_d143524